LEADER 01470cam0-2200469---450- 001 990000088910203316 005 20090714142618.0 010 $a88-14-08109-3 035 $a0008891 035 $aUSA010008891 035 $a(ALEPH)000008891USA01 035 $a0008891 100 $a20000914d2000----|||y0itay0103----ba 101 0 $aita 102 $aIT 105 $a||||||||001yy 200 $a<> condizione elemento essenziale del negozio giuridico$eteoria generale e profili applicativi$fGaetano Petrelli 210 $aMilano$cGiuffráe$d2000 215 $aXI, 557 p.$d24 cm 610 $aCondizioni 676 $a346.45022 700 1$aPETRELLI$b, Gaetano$0235082 801 $aIT$bSALBC$gISBD 912 $a990000088910203316 951 $aXXV.1.C 114 (IG I 1600)$b25622 G.$cXXV.1.C 114 (IG I)$d00003892 959 $aBK 979 $c20000914$lUSA01$h1741 979 $c20001019$lUSA01$h1056 979 $c20001019$lUSA01$h1454 979 $c20001019$lUSA01$h1501 979 $c20001019$lUSA01$h1539 979 $c20001024$lUSA01$h1515 979 $c20001027$lUSA01$h1519 979 $c20001027$lUSA01$h1524 979 $c20001110$lUSA01$h1710 979 $c20001124$lUSA01$h1208 979 $c20020403$lUSA01$h1616 979 $aPATRY$b90$c20040406$lUSA01$h1607 979 $aRSIAV5$b90$c20090714$lUSA01$h1426 996 $aCondizione, elemento essenziale, del negozio giuridico$963570 997 $aUNISA bas $agiu